[Event "Quebec op U1700"]
[Site "Montreal"]
[Date "2016.07.25"]
[Round "4.57"]
[White "Blanchette, Rene"]
[Black "Perreault, Jacques"]
[Result "1-0"]
[WhiteElo "1610"]
[BlackElo "1389"]
[PlyCount "103"]
[EventDate "2016.07.23"]
[EventType "swiss"]
[EventRounds "8"]
[EventCountry "CAN"]
[SourceTitle "EXT 2022"]
[Source "ChessBase"]
[SourceDate "2021.10.06"]
[SourceVersion "1"]
[SourceVersionDate "2021.10.06"]
[SourceQuality "1"]

1. e4 e6 2. d4 c5 3. Nf3 cxd4 4. Nxd4 Nc6 5. Nb5 d6 6. Bf4 e5 7. Be3 a6 8. N5c3 Be6 9. Na3 Nf6 10. Bg5 h6 11. Bxf6 gxf6 12. Nc4 f5 13. exf5 Bxf5 14. Ne3 Be6 15. Ncd5 b5 16. c3 Ra7 17. a4 Rb7 18. axb5 axb5 19. Ra6 Nb8 20. Ra8 Bg7 21. Qf3 Qc8 22. Bd3 Bxd5 23. Qxd5 Qd7 24. Be4 Rb6 25. 0-0 0-0 26. Nf5 Qe6 27. Qd3 Kh8 28. Rd1 Nd7 29. Qg3 Qf6 30. Ra7 Nc5 31. Bc2 Qg5 32. Qxg5 hxg5 33. Nxd6 Kg8 34. Nf5 Bf6 35. b4 Rb7 36. Rxb7 Nxb7 37. Rd7 Nd8 38. Nd6 Ne6 39. Bb3 Nd8 40. Nxb5 e4 41. Nd4 Kg7 42. Bd5 Bxd4 43. cxd4 Re8 44. b5 Ne6 45. Bc6 Rc8 46. d5 Nc5 47. Ra7 Kg6 48. b6 Rb8 49. b7 f5 50. Ra8 Rxb7 51. Bxb7 Nxb7 52. Ra6+ 1-0

[Event "Montreal Mercredi 10"]
[Site "Montreal"]
[Date "2007.10.24"]
[Round "3"]
[White "Landry, Martin"]
[Black "Perreault, Jacques"]
[Result "1-0"]
[WhiteElo "1623"]
[BlackElo "1593"]
[PlyCount "75"]
[EventDate "2007.10.10"]
[EventType "swiss"]
[EventRounds "5"]
[EventCountry "CAN"]
[SourceTitle "EXT 2022"]
[Source "ChessBase"]
[SourceDate "2021.10.06"]
[SourceVersion "1"]
[SourceVersionDate "2021.10.06"]
[SourceQuality "1"]

1. d4 Nf6 2. c4 c5 3. d5 e6 4. Nc3 exd5 5. cxd5 Bd6 6. e4 0-0 7. Be3 Re8 8. Bd3 a6 9. Nge2 Ng4 10. Bf4 Ne5 11. Bc2 b5 12. b3 Qf6 13. Bg3 Ng4 14. 0-0 Be5 15. Rc1 d6 16. Qd2 b4 17. Nd1 Qh6 18. f4 Bd7 19. Qd3 Bb5 20. Qf3 Bxe2 21. Qxe2 Bd4+ 22. Kh1 Qh5 23. Qf3 Nd7 24. Nf2 Bxf2 25. Rxf2 Nxf2+ 26. Qxf2 Nf6 27. Re1 Ng4 28. Qd2 Ra7 29. Qd3 g6 30. Bd1 Rae7 31. h3 f5 32. Qxa6 Rxe4 33. Rxe4 Rxe4 34. Qc8+ Kg7 35. Qd7+ Kh6 36. Bf3 Ne5 37. Qxd6 Nxf3 38. Qf8# 1-0